00000000nam##2200000za#4500
0019.636243
003CaOODSP
00520240209132117
007cr |||||||||||
008150407|2004||||xxc|||||o    f|0| 0 fre|d
040 |aCaOODSP|bfre
043 |an-cn---
0861 |aNR24-4/2004F-PDF
1102 |aInstitut de recherche en construction (Canada)‏.
24510|aConception des postes de travail et productivité organisationnelle / |h[ressource électronique]|c[publié conjointement par] Direction des Innovations et solutions (DIS), Direction générale des biens immobiliers, Travaux publics et Services gouvernementaux Canada.
260 |aOttawa - Ontario : |bConseil national de recherches. |c2004.
500 |a«Recommandations pratiques tirées d'études sur la conception et la gestion de postes de travail.»--page [i]. Le n° de catalogue (NR24-4/2004F) et l'ISBN (0-662-78205-4) de l'édition imprimée ont été incorrectement copiés dans l'édition pdf.
504 |aBibliographie.
590 |a12-40-Supp|b2012-10-23
69107|aOrganisation du travail|2gcpds
77508|tWorkstation design for organizational productivity / |w(CaOODSP)9.691948
85640|ahttp://publications.gc.ca|qPDF|s224.46 Mo|uhttps://publications.gc.ca/collections/collection_2012/crsng-nserc/NR24-4-2004-fra.pdf
986 |aNRCC 47343F